Регионална библиотека "Любен Каравелов" - Русе

Преселници от тропика (Запис номер 174804)

MARC детайли
000 -Лидер
Контролно поле с фиксирана дължина 01486nam a2200349 c 4500
003 - Код на организацията, давaща контролен номер
Контролно поле BLK
005 - Дата и час на последна редакция
Контролно поле 20180422114657.0
008 - Елементи от данни с фиксирана дължина
fixed length control field 180411b bul|||||r ||||||| ||bul||
010 ## - Наследен системен номер
LC control number KNG00183307000
040 ## - Източник на каталожния запис
Идентификатор на билиотеката - собственик на записа BLK
041 ## - Код за език
Код за езика на текст/звукозапис или на отделно заглавие Български
Код за езика КДБФ Български
080 ## - УДК
Текстов определител УДК Декоративни растения. Декоративно градинарство
УДК код - определител по УДК 635.9
УДК определител (02.062)
УДК - код + определител 635.9(02.062)
100 1# - Редна дума - Автор
Автор Яков, Илия Първанов
Авторска отговорност първи автор
R(LIN) 381934
139 ## - Редно поле
Редна дума Яков, Илия Първанов и др.
Авторски знак Яков - Я 34
245 10 - Сведения за заглавието
Заглавие Преселници от тропика
Редно поле (дума) Илия Първанов Яков; съавт. Никола Димитров Минчев.
257 ## - Страна на издаване
Страна на създаване/издаване България
260 ## - Област на издателските данни
-- София
Име на издателя, разпространителя и проч. Нар. просв.
Година на издаване 1964
300 ## - Физическа характеристика
Страници 79 с. с ил.
Размери/Мащаб 17 см
380 ## - Жанр
Жанр Селско стопанство
490 1# - СЕРИИ (Колекции)
Име на серия Природонаучна библиотека
490 1# - СЕРИИ (Колекции)
-- Подсерия
Име на серия Серия Биология и геология
№: серия Г. ІХ, 14
500 ## - Общи забележки
Забележка 14 079 тир. - Тропически растения в наши оранжерии.
650 #4 - Допълнително описание по предмет – тема
Основно описание – тема или топоним Растения, тропически
9 (RLIN) 339883
650 #4 - Допълнително описание по предмет – тема
Основно описание – тема или топоним Оранжерийно производство
9 (RLIN) 165095
653 ## - Ключова дума – ненормативна
Ключова дума тропически растения
700 1# - Други автори (авторска отговорност)
Лично име Минчев, Никола Димитров
Автороска отговорност (Описва отношението между автора и произведението) съавт.
9 (RLIN) 339882
852 ## - Местоположение
Форматна сигнатура Цб І 7212
856 4# - Електронен адрес и достъп
Електронен формат pdf - файл
Път до файла /url/
856 4# - Електронен адрес и достъп
Електронен формат pdf - файл
Път до файла /url/
942 ## - АРТИКУЛИ
Вид на библиотечния материал Книги
Скрит в OPAC Не
944 ## - СЪЗДАВАНЕ И РЕДАКЦИЯ на ЗАПИСА
Създаване/Редакция Създаване
Дата на регистрацията/редакция 07.10.2015
Служител, извършил регистрацията/редакцията Кети_Илиева
944 ## - СЪЗДАВАНЕ И РЕДАКЦИЯ на ЗАПИСА
Създаване/Редакция Редакция
Дата на регистрацията/редакция 28.09.2017
Служител, извършил регистрацията/редакцията Вася_Ганчева
999 ## - СИСТЕМНИ КОНТРОЛНИ НОМЕРА
Koha biblionumber 174804
Koha biblioitemnumber 174804
Наличности
Код за отписване Код за изгубен артикул Източник на класификационната схема Код за повреда Коз за рестрикции Код за отдаване Артикулен № Име на библиотеката - собственик Име на библиотеката, в която се намира в момента Статус (Текущо местоположение) Дата на вписване в системата Местоположение - отдел Цена в лева Инвентарен номер Систематично азбучна сигнатура Баркод Номер на екземпляра Цена в евро Служебна бележка Служебен тип на артикула Бележка за публиката
  Не е изгубен Universal Decimal Classification Не е повреден без рестрикции ползва се в читалня 300709 Регионална библиотека "Любен Каравелов" Русе Регионална библиотека "Любен Каравелов" Русе Хранилище 1964-01-01 Хранилище 0.12 4646/65 Цб І 7212 900000028307 1 0.06 Вид: Сф Дата: 01.01.1964 Книги  
Изтеглен Не е изгубен   Не е повреден без рестрикции заемане за дома 300710 Регионална библиотека "Любен Каравелов" Русе Регионална библиотека "Любен Каравелов" Русе   1964-01-01 Детски отдел 0.12 2327/65 ДН 63/Я 34 2327/65 2 0.06 Вид: Сф Дата: 01.01.1964 Дата инв: 08.10.2015 Бележки инв: Д2015 Книги Отч.N: 40/2017 , Дата: 07.09.2017
Изтеглен Не е изгубен Universal Decimal Classification Не е повреден без рестрикции заемане за дома 300711 Регионална библиотека "Любен Каравелов" Русе Регионална библиотека "Любен Каравелов" Русе Заемна - подръчен фонд 1964-01-01 Заемна - подръчен фонд 0.00 2699/65 П 635.9/Я 34 2699/65 3 0.00 Вид: Сф Дата: 01.01.1964 Книги  
Изтеглен Не е изгубен Universal Decimal Classification Не е повреден без рестрикции ползва се в читалня 300712 Регионална библиотека "Любен Каравелов" Русе Регионална библиотека "Любен Каравелов" Русе Хранилище 1964-01-01 Основен фонд - ползва се само за читалня 0.00 2702/65 Цб І 7212 2702/65 4 0.00 Вид: Сф Дата: 01.01.1964 Книги  
Изтеглен Не е изгубен Universal Decimal Classification Не е повреден без рестрикции заемане за дома 300713 Регионална библиотека "Любен Каравелов" Русе Регионална библиотека "Любен Каравелов" Русе Заемна - подръчен фонд 1964-01-01 Заемна - подръчен фонд 0.00 2703/65 П 635.9/Я 34 2703/65 5 0.00 Вид: Сф Дата: 01.01.1964 Книги  
Vip Innovations Ltd, Rousse, Bulgaria 2025